Normal view
MARC view
- علوم عامة
Entry Topical Term
001 - CONTROL NUMBER
- control field: 38432
003 - CONTROL NUMBER IDENTIFIER
- control field: JO-AjAnu
005 - DATE AND TIME OF LATEST TRANSACTION
- control field: 20230606080411.0
008 - FIXED-LENGTH DATA ELEMENTS
- fixed length control field: 230606|| aca||aabn | a|a d
040 ## - CATALOGING SOURCE
- Original cataloging agency: JO-AjAnu
- Transcribing agency: JO-AjAnu
150 ## - HEADING--TOPICAL TERM
- Topical term or geographic name entry element: علوم عامة
670 ## - SOURCE DATA FOUND
- Source citation: Work cat.: (JO-AjAnu)19714: اوبورن، هيس ؛ ترجمة احمد الحسيني ؛ مراجعة منتصر عبد الحليم , author 38431, دائرة معارف العلوم، الجزء الثاني